00330nam a2200121 a 450000500170000000800410001702000180005805000180007610000200009424500430011426000350015744000160019220140412111424.0080201s19uu xx 00 eng d a0-375-80028-x aERbWa29 1999 aMilliron, Kerry aWatch out, Jar Jar! /cKerry Milliron. aCanada :bRandom House,c1999. aStar wars 1